Vainqueurs des tournois ATP en 2024 - Tennis - Statistiques

Statistiques générales
  • Ce quiz a été pris 139 fois
  • Le résultat moyen est 25 sur 39
Statistiques - réponses
Pays Titre(s) Joueur % Correct
Italie 7 Jannik Sinner
100%
Espagne 4 Carlos Alcaraz
99%
France 2 Ugo Humbert
92%
France 2 Arthur Fils
91%
Australlie 2 Alex De Minaur
90%
Allemagne 2 Alexander Zverev
89%
Norvège 2 Casper Ruud
84%
Russie 2 Andrey Rublev
83%
Etats-Unis 2 Taylor Fritz
83%
Italie 3 Matteo Berrettini
80%
Grèce 1 Stefanos Tsitsipas
79%
Kazakhstan 1 Alexander Bublik
77%
Etats-Unis 3 Tommy Paul
77%
Etats-Unis 1 Ben Shelton
76%
Bulgarie 1 Grigor Dimitrov
75%
France 2 Giovanni Mpetshi Perricard
73%
Royaume-Uni 2 Jack Draper
73%
Argentine 2 Sebastian Baez
69%
Argentine 1 Francisco Cerundolo
68%
Russie 2 Karen Khachanov
64%
Chili 2 Alejandro Tabilo
63%
Portugal 1 Nuno Borges
63%
Pologne 1 Hubert Hurkacz
61%
Croatie 1 Marin Cilic
58%
République Tchèque 1 Jiri Lehecka
56%
Canada 1 Denis Shapovalov
54%
Italie 1 Lorenzo Sonego
53%
Australie 1 Alexei Popyrin
49%
Allemagne 1 Jan-Lennard Struff
49%
Espagne 1 Roberto Bautista Agut
48%
Etats-Unis 1 Sebastian Korda
46%
Japon 1 Yoshihito Nishioka
46%
France 1 Benjamin Bonzi
43%
Chine 1 Juncheng Shang
40%
Hongrie 1 Marton Fucsovics
34%
Australie 1 Jordan Thompson
33%
Italie 1 Luciano Darderi
29%
Etats-Unis 1 Marcos Giron
27%
Argentine 1 Facundo Diaz Acosta
15%
Aucun quiz correspondant
Distribution des résultats
% des personnes avec chaque résultat
Percentile par nombre de réponses
Votre historique - résultats
Vous n’avez pas pris ce quiz